Instrucciones para el cultivo de la remolacha azucarera / (Record no. 114568)

MARC details
000 -LEADER
campo de control de longitud fija 00649nam a22002051 4500
001 - NÚMERO DE CONTROL
campo de control 114568
003 - IDENTIFICADOR DE NÚMERO DE CONTROL
campo de control ES-MaACL
005 - FECHA Y HORA DE LA ÚLTIMA TRANSACCIÓN
campo de control 20230906190206.0
007 - CAMPO FIJO DE DESCRIPCIÓN FÍSICA--INFORMACIÓN GENERAL
campo de control de longitud fija t|
008 - DATOS DE LONGITUD FIJA--INFORMACIÓN GENERAL
campo de control de longitud fija 960922q19011930sp ||||0| spa d
016 7# - NÚMERO DE CONTROL DE UNA AGENCIA BIBLIOGRÁFICA NACIONAL
Número de control cancelado/no válido IND9600735205
040 ## - FUENTE DE CATALOGACIÓN
Centro catalogador/agencia de origen M-BN
Lengua de catalogación spa
Centro/agencia transcriptor CDM
100 1# - ENTRADA PRINCIPAL--NOMBRE DE PERSONA
Nombre de persona Quintanilla y Fábregas, Guillermo.
9 (RLIN) 170374
245 10 - MENCIÓN DEL TÍTULO
Título Instrucciones para el cultivo de la remolacha azucarera /
Mención de responsabilidad, etc. Guillermo Quintanilla.
260 ## - PUBLICACIÓN, DISTRIBUCIÓN, ETC.
Lugar de publicación, distribución, etc. Madrid :
Nombre del editor, distribuidor, etc. Ministerio de Fomento,
Fecha de publicación, distribución, etc. [19--?]
300 ## - DESCRIPCIÓN FÍSICA
Extensión 34 p. ;
Dimensiones 19 cm.
500 ## - NOTA GENERAL
Nota general Dirección General de Agricultura y Montes.
650 #4 - PUNTO DE ACCESO ADICIONAL DE MATERIA--TÉRMINO DE MATERIA
Término de materia o nombre geográfico como elemento de entrada Remolacha azucarera.
9 (RLIN) 136823
852 ## - LOCALIZACIÓN
Ubicación ES-MaACL
Número de control de estantería 1729-F-4
Holdings
Estatus retirado Estado de pérdida Estado de daño No para préstamo Colección Biblioteca de origen Biblioteca actual Ubicación en estantería Fecha de adquisición Fuente de adquisición Total de préstamos Signatura topográfica completa Código de barras Visto por última vez Precio de reemplazo Tipo de ítem Koha
        Colección de folletos Biblioteca del Ateneo de Madrid Biblioteca del Ateneo de Madrid Depósito folletos 17/01/2008     1729-F-4 1119477 23/02/2023 23/02/2023 Folleto